Normal view
MARC view
- Chen, Hollis C
Entry Personal Name
001 - CONTROL NUMBER
- control field: 104458
003 - CONTROL NUMBER IDENTIFIER
- control field: NUST
005 - DATE AND TIME OF LATEST TRANSACTION
- control field: 20221208123135.0
008 - FIXED-LENGTH DATA ELEMENTS
- fixed length control field: 221208|| aca||aabn | a|a d
040 ## - CATALOGING SOURCE
- Original cataloging agency: NUST
- Transcribing agency: NUST
100 ## - HEADING--PERSONAL NAME
- Personal name: Chen, Hollis C
670 ## - SOURCE DATA FOUND
- Source citation: Work cat.: (NUST)189399: Chen, Hollis C., Theory of electromagnetic waves :, c1985.
